Top Japanische Nachnamen - Statistiken

Allgemein
  • Dieses Quiz wurde 72 mal gespielt
  • Das Durchschnittsergebnis liegt bei 29 aus 500
Antwortstatistiken
Answe % Korrekt
Suzuki
45%
Tanaka
45%
Sato
43%
Yamamoto
41%
Ito
39%
Yamaguchi
33%
Honda
31%
Mori
31%
Yamada
31%
Nishi
29%
Oka
29%
Nakamura
27%
Ono
24%
Watanabe
24%
Kan
22%
Kobayashi
22%
Endo
20%
Ishikawa
20%
Kawasaki
20%
Nakata
20%
Oda
20%
Okazaki
20%
Takahashi
20%
Uchida
20%
Yoshida
20%
Abe
18%
Hara
18%
Ino
18%
Kawaguchi
18%
Matsuda
18%
Matsumoto
18%
Nakayama
18%
Ota
18%
Kato
16%
Morita
16%
Ogawa
16%
Saito
16%
Shima
16%
Takada
16%
Takeda
16%
Fujita
14%
Hashimoto
14%
Ishida
14%
Kageyama
14%
Kubo
14%
Maeda
14%
Miura
14%
Miyamoto
14%
Muto
14%
Nishimura
14%
Oya
14%
Sakai
14%
Sakamoto
14%
Shimizu
14%
Toyoda
14%
Fujii
12%
Fujiwara
12%
Ikeda
12%
Kawai
12%
Kawamura
12%
Kimura
12%
Kishi
12%
Kita
12%
Koga
12%
Matsushita
12%
Nakagawa
12%
Nakajima
12%
Nakamoto
12%
Nakano
12%
Nishida
12%
Otani
12%
Taguchi
12%
Takayama
12%
Tani
12%
Yamakawa
12%
Yamazaki
12%
Fujimoto
10%
Fujisawa
10%
Furukawa
10%
Hata
10%
Hayashi
10%
Ishiyama
10%
Iwamoto
10%
Kondo
10%
Koyama
10%
Kudo
10%
Matsui
10%
Matsuyama
10%
Miyazaki
10%
Moriya
10%
Murakami
10%
Nagano
10%
Nagao
10%
Nishino
10%
Okada
10%
Oshima
10%
Ozaki
10%
Sakaguchi
10%
Sano
10%
Sasaki
10%
Shirai
10%
Sugimoto
10%
Tamura
10%
Ueda
10%
Wada
10%
Yamashita
10%
Yamauchi
10%
Akiyama
8%
Ando
8%
Aoyama
8%
Chiba
8%
Fukushima
8%
Haraguchi
8%
Hasegawa
8%
Hattori
8%
Hirata
8%
Hoshi
8%
Inoue
8%
Ishii
8%
Iwai
8%
Kawamoto
8%
Kawata
8%
Kinoshita
8%
Kishimoto
8%
Kojima
8%
Kurokawa
8%
Miyake
8%
Moriyama
8%
Murata
8%
Nakai
8%
Nishikawa
8%
Noda
8%
Oba
8%
Oikawa
8%
Okamoto
8%
Ozawa
8%
Seki
8%
Shimada
8%
Shiraishi
8%
Sugita
8%
Sugiyama
8%
Takai
8%
Takeuchi
8%
Taniguchi
8%
Yamanaka
8%
Yamaoka
8%
Yoshimoto
8%
Aoki
6%
Fujino
6%
Fukuda
6%
Goto
6%
Hatake
6%
Hirota
6%
Hori
6%
Kano
6%
Kawano
6%
Kawashima
6%
Kitagawa
6%
Komatsu
6%
Komori
6%
Konishi
6%
Konno
6%
Kono
6%
Kuroda
6%
Kurosawa
6%
Maki
6%
Matsuno
6%
Matsuo
6%
Minami
6%
Miyata
6%
Morikawa
6%
Morimoto
6%
Morishita
6%
Nakatani
6%
Nishimoto
6%
Nishiyama
6%
Ogura
6%
Onodera
6%
Osawa
6%
Sakata
6%
Sakurai
6%
Sawada
6%
Sekiguchi
6%
Seto
6%
Shiba
6%
Shirakawa
6%
Sudo
6%
Sugawara
6%
Tachibana
6%
Tada
6%
Takagi
6%
Takano
6%
Takemoto
6%
Takemura
6%
Takenaka
6%
Takeshita
6%
Tanabe
6%
Tanimoto
6%
Uchiyama
6%
Uemura
6%
Ueno
6%
Yoshikawa
6%
Yoshino
6%
Akimoto
4%
Asano
4%
Enomoto
4%
Fujikawa
4%
Fujimura
4%
Fujioka
4%
Fukunaga
4%
Fukuoka
4%
Hamada
4%
Hamaguchi
4%
Harada
4%
Higashi
4%
Hika
4%
Hino
4%
Hirose
4%
Hoshino
4%
Hosokawa
4%
Iguchi
4%
Ishibashi
4%
Ishihara
4%
Iwata
4%
Kanda
4%
Kaneda
4%
Kawabata
4%
Kawabe
4%
Kawahara
4%
Kitamura
4%
Machida
4%
Manabe
4%
Matsumura
4%
Matsushima
4%
Matsuura
4%
Matsuzaki
4%
Mikami
4%
Miyahara
4%
Miyashita
4%
Mizuno
4%
Mochizuki
4%
Nagaoka
4%
Nagase
4%
Nagayama
4%
Nakao
4%
Narita
4%
Noguchi
4%
Nomura
4%
Obata
4%
Ogata
4%
Okamura
4%
Okawa
4%
Okubo
4%
Omura
4%
Onuma
4%
Otake
4%
Shimamura
4%
Shinohara
4%
Suda
4%
Sugihara
4%
Takashima
4%
Takizawa
4%
Terada
4%
Toda
4%
Tsuchiya
4%
Tsuji
4%
Uehara
4%
Umeda
4%
Usui
4%
Wakabayashi
4%
Yamagata
4%
Yasuda
4%
Adachi
2%
Aida
2%
Aihara
2%
Aizawa
2%
Amano
2%
Arai
2%
Arakawa
2%
Araki
2%
Asada
2%
Asai
2%
Asakura
2%
Deguchi
2%
Eto
2%
Fukazawa
2%
Fukui
2%
Fukumoto
2%
Furuya
2%
Haga
2%
Hanada
2%
Hatakeyama
2%
Hayakawa
2%
Hayashida
2%
Higuchi
2%
Hirai
2%
Hiramatsu
2%
Hirano
2%
Hirayama
2%
Honma
2%
Horie
2%
Hyugawa
2%
Ichikawa
2%
Ida
2%
Igarashi
2%
Ikegami
2%
Imai
2%
Imamura
2%
Inada
2%
Inagaki
2%
Ishiguro
2%
Ishizaki
2%
Iwasaki
2%
Izumi
2%
Kajiwara
2%
Kaneko
2%
Kasai
2%
Kawakami
2%
Kikuchi
2%
Kitano
2%
Kubota
2%
Maekawa
2%
Maruyama
2%
Matsubara
2%
Matsunaga
2%
Matsuoka
2%
Mishima
2%
Miyagawa
2%
Miyagi
2%
Miyajima
2%
Mizoguchi
2%
Mukai
2%
Murai
2%
Muramatsu
2%
Murase
2%
Nagai
2%
Nagata
2%
Nakahara
2%
Nakanishi
2%
Nakazawa
2%
Ninomiya
2%
Nishio
2%
Nonaka
2%
Nozaki
2%
Ogasawara
2%
Ohara
2%
Ohashi
2%
Ohira
2%
Okabe
2%
Okano
2%
Okumura
2%
Okuyama
2%
Omori
2%
Onishi
2%
Otsuka
2%
Ouchi
2%
Saeki
2%
Sakuma
2%
Shibata
2%
Shimoda
2%
Shimomura
2%
Shimura
2%
Shinoda
2%
Shoji
2%
Tahara
2%
Taketa
2%
Tomita
2%
Toyama
2%
Tsuda
2%
Tsujimoto
2%
Tsukamoto
2%
Tsuruta
2%
Tsutsui
2%
Uno
2%
Yamagishi
2%
Yano
2%
Yasui
2%
Yokoyama
2%
Yoneda
2%
Yoshioka
2%
Akiba
0%
Akita
0%
Aoyagi
0%
Eguchi
0%
Fukuhara
0%
Furuta
0%
Hagihara
0%
Hamano
0%
Hatanaka
0%
Hatano
0%
Hidaka
0%
Hiraoka
0%
Horiguchi
0%
Horikawa
0%
Horiuchi
0%
Hosoya
0%
Ide
0%
Ijima
0%
Imaizumi
0%
Inaba
0%
Irie
0%
Ishizuka
0%
Isobe
0%
Iwase
0%
Izuka
0%
Kamata
0%
Kamei
0%
Kamiya
0%
Kanai
0%
Kanazawa
0%
Kasahara
0%
Kashiwagi
0%
Katagiri
0%
Kataoka
0%
Katayama
0%
Katsumata
0%
Kawara
0%
Kawase
0%
Kido
0%
Kinjo
0%
Kitahara
0%
Kitajima
0%
Kodama
0%
Koide
0%
Koike
0%
Koizumi
0%
Kosaka
0%
Kumagi
0%
Kunai
0%
Kurihara
0%
Kurita
0%
Kuroki
0%
Kuwahara
0%
Makino
0%
Masuda
0%
Matsuzawa
0%
Miki
0%
Miyazawa
0%
Miyoshi
0%
Mizutani
0%
Morioka
0%
Murayama
0%
Nagasawa
0%
Nagashima
0%
Naito
0%
Negishi
0%
Nishihara
0%
Nishioka
0%
Niwa
0%
Nozawa
0%
Numata
0%
Ochi
0%
Ochiai
0%
Ogino
0%
Oishi
0%
Okuda
0%
Okuno
0%
Osada
0%
Oshiro
0%
Otsuki
0%
Ozeki
0%
Sakakibara
0%
Sekine
0%
Senda
0%
Shibuya
0%
Shigeki
0%
Shimazaki
0%
Shindo
0%
Shinozaki
0%
Shinta
0%
Soma
0%
Sonoda
0%
Sugiura
0%
Taiboku
0%
Taira
0%
Tajima
0%
Takase
0%
Takei
0%
Tamaki
0%
Tanigawa
0%
Tashiro
0%
Terashima
0%
Tezuka
0%
Tokunaga
0%
Tominaga
0%
Tsuchita
0%
Tsukada
0%
Tsunoda
0%
Tsutsumi
0%
Yagi
0%
Yajima
0%
Yamane
0%
Yanagida
0%
Yanagisawa
0%
Yokoi
0%
Yokota
0%
Yoshimura
0%
Yoshiwara
0%
Yoshizawa
0%
Keine übereinstimmenden Quizze gefunden
Verteilung der Resultate
Anzahl Personen mit jedem Resultat
Perzentil nach korrekt beantworteten Fragen
Ihre Resultats-Entwicklung
Sie haben dieses Quiz noch nicht gespielt